00504nam a2200181 a 4500001001300000003000900013005001700022008004100039020002300080082001700103100002100120245002700141260003200168300000900200500003500209505006500244650001300309nice12345678IN_TiNIC20260116013620.0050524s1994 cama grp 000 0 eng  a1874166 c25800a297.63bSAR2 aSardar, Ziauddin aMuhammad for Beginners aCambridgebIcon Pressc1994 a175p aincludes index and biblioraphy2 aQuranic view of Christianity in the light of modern research aMuhammad